| 000 | 00432nam a2200145Ia 4500 | ||
|---|---|---|---|
| 008 | 240729s9999 xx 000 0 und d | ||
| 022 | _a2194-7414 | ||
| 245 | 0 | _aInternational Journal of Language & Law | |
| 260 | _aGermany | ||
| 260 | _bInternational Language and Law Association | ||
| 650 | _aLaw | Language and Literature | ||
| 856 | _uhttps://doaj.org/toc/3fe6bceb14e345c1a04c9ea688096062 | ||
| 942 | _2ddc | ||
| 942 | _cDOAJEJ | ||
| 999 |
_c65583 _d65583 |
||
| 945 |
_a1 _bMadushi Gamage _c1 _dMadushi Gamage |
||